Crustaceans - Sudden Death - Statistics

General Stats
  • This quiz has been taken 203 times
  • The average score is 5 of 16
Answers on the Grid
Answers color-coded by a green-red scale on the quiz's grid according to % correct below.
Avocet
Barnacle
Box turtle
Centipede
Common shrew
Cuttlefish
European adder
European crayfish
Fish louse
Gharial
Giant tiger prawn
Gribble
Hermit crab
Japanese spider crab
Krill
Land crab
Langoustine
Lobster
Manta ray
Mantis shrimp
Oystercatcher
Red-backed shrike
Roman snail
Sand hopper
Scallop
Sea urchin
Skate
Tapeworm
Tiger shark
Tongue worm
Water flea
Woodlouse
 
Answer Stats
Answer % Correct
Hermit crab
54%
Land crab
54%
Lobster
53%
Giant tiger prawn
50%
Japanese spider crab
48%
Mantis shrimp
45%
European crayfish
39%
Krill
33%
Barnacle
26%
Langoustine
25%
Fish louse
15%
Water flea
14%
Woodlouse
14%
Sand hopper
13%
Gribble
7%
Tongue worm
3%
No matching quizzes found
Score Distribution
Percent of People with Each Score
Percentile by Number Answered
Your Score History
You have not taken this quiz